Statistics for Top 10 Busiest airports in India

Click here to take the quiz!

General Stats

  • This quiz has been taken 30 times
  • The average score is 7 of 10

Answer Stats

CODECITY% Correct
DELDelhi
96%
BOMMumbai
96%
BLRBangalore
89%
MAAChennai
89%
HYDHyderabad
85%
AMDAhmedabad
74%
CCUKolkata
74%
COKKochi
63%
PATPatna
56%
GOIDabolim
7%

Score Distribution

Percentile by Number Answered

Percent of People with Each Score

Your Score History

You have not taken this quiz